Captain Underpants and the preposterous plight of the purple potty people / (Record no. 34509)
[ view plain ]
| 000 -LEADER | |
|---|---|
| fixed length control field | 01091cam a22003255a 4500 |
| 001 - CONTROL NUMBER | |
| control field | 14298378 |
| 003 - CONTROL NUMBER IDENTIFIER | |
| control field | OSt |
| 005 - DATE AND TIME OF LATEST TRANSACTION | |
| control field | 20140310184445.0 |
| 008 - FIXED-LENGTH DATA ELEMENTS--GENERAL INFORMATION | |
| fixed length control field | 060314s2006 nyu 000 0 eng |
| 010 ## - LIBRARY OF CONGRESS CONTROL NUMBER | |
| LC control number | 2006923848 |
| 020 ## - INTERNATIONAL STANDARD BOOK NUMBER | |
| International Standard Book Number | 0439376130 |
| 020 ## - INTERNATIONAL STANDARD BOOK NUMBER | |
| International Standard Book Number | 0439376149 (alk. paper) |
| 040 ## - CATALOGING SOURCE | |
| Original cataloging agency | DLC |
| Transcribing agency | DLC |
| Modifying agency | DLC |
| 042 ## - AUTHENTICATION CODE | |
| Authentication code | pcc |
| 050 ## - LIBRARY OF CONGRESS CALL NUMBER | |
| Classification number | PZ 7 |
| Item number | .P6314Pre 2006 |
| 100 1# - MAIN ENTRY--PERSONAL NAME | |
| Personal name | Pilkey, Dav, |
| Dates associated with a name | 1966- |
| 9 (RLIN) | 27702 |
| 245 10 - TITLE STATEMENT | |
| Title | Captain Underpants and the preposterous plight of the purple potty people / |
| Statement of responsibility, etc | Dav Pilkey. |
| 260 ## - PUBLICATION, DISTRIBUTION, ETC. (IMPRINT) | |
| Place of publication, distribution, etc | New York : |
| Name of publisher, distributor, etc | Scholastic, |
| Date of publication, distribution, etc | 2006. |
| 263 ## - PROJECTED PUBLICATION DATE | |
| Projected publication date | 0609 |
| 300 ## - PHYSICAL DESCRIPTION | |
| Extent | 172 cm. |
| Other physical details | ill. ; |
| 521 ## - TARGET AUDIENCE NOTE | |
| Target audience note | |
| 526 ## - STUDY PROGRAM INFORMATION NOTE | |
| Reading level | 850 |
| 650 ## - SUBJECT ADDED ENTRY--TOPICAL TERM | |
| Topical term or geographic name as entry element | Fiction |
| General subdivision | Juvenile literature |
| 9 (RLIN) | 30103 |
| 856 42 - ELECTRONIC LOCATION AND ACCESS | |
| Materials specified | Publisher description |
| Uniform Resource Identifier | <a href="http://www.loc.gov/catdir/enhancements/fy1116/2006923848-d.html">http://www.loc.gov/catdir/enhancements/fy1116/2006923848-d.html</a> |
| 856 42 - ELECTRONIC LOCATION AND ACCESS | |
| Materials specified | Contributor biographical information |
| Uniform Resource Identifier | <a href="http://www.loc.gov/catdir/enhancements/fy1207/2006923848-b.html">http://www.loc.gov/catdir/enhancements/fy1207/2006923848-b.html</a> |
| 906 ## - LOCAL DATA ELEMENT F, LDF (RLIN) | |
| a | 0 |
| b | ibc |
| c | orignew |
| d | 2 |
| e | epcn |
| f | 20 |
| g | y-gencatlg |
| 942 ## - ADDED ENTRY ELEMENTS (KOHA) | |
| Source of classification or shelving scheme | Library of Congress Classification |
| Koha item type | |
| Withdrawn status | Lost status | Source of classification or shelving scheme | Damaged status | Home library | Current library | Shelving location | Date acquired | Source of acquisition | Total Checkouts | Full call number | Barcode | Date last seen | Copy number | Price effective from | Koha item type |
|---|---|---|---|---|---|---|---|---|---|---|---|---|---|---|---|
| Library of Congress Classification | Luxembourg Library | Luxembourg Library | Scholastic Reading Center Section | 10/10/2013 | Donation | PZ 7 .P6314Pre 2006 | LEX2681 | 04/18/2017 | 1 | 10/10/2013 | Books |